Concept design : (Record no. 24234)

000 -LEADER
fixed length control field 01409cam a2200325 a 4500
001 - CONTROL NUMBER
control field 13324928
005 - DATE AND TIME OF LATEST TRANSACTION
control field 20170128095227.0
008 - FIXED-LENGTH DATA ELEMENTS--GENERAL INFORMATION
fixed length control field 030826s2003 caua 001 0 eng d
010 ## - LIBRARY OF CONGRESS CONTROL NUMBER
LC control number 2002096016
020 ## - INTERNATIONAL STANDARD BOOK NUMBER
International Standard Book Number 097266761X
020 ## - INTERNATIONAL STANDARD BOOK NUMBER
International Standard Book Number 0972667601 (pbk.)
035 ## - SYSTEM CONTROL NUMBER
System control number (OCoLC)ocm52904354
042 ## - AUTHENTICATION CODE
Authentication code lccopycat
043 ## - GEOGRAPHIC AREA CODE
Geographic area code n-us-ca
050 00 - LIBRARY OF CONGRESS CALL NUMBER
Classification number N7433.84.U6C66 2003
245 00 - TITLE STATEMENT
Title Concept design :
Remainder of title works from seven Los Angeles entertainment designers /
Statement of responsibility, etc. H. Belker ... [et al.] ; [foreword by Francis Ford Coppola].
250 ## - EDITION STATEMENT
Edition statement 1st ed.
260 ## - PUBLICATION, DISTRIBUTION, ETC. (IMPRINT)
Place of publication, distribution, etc. Culver City, CA :
Name of publisher, distributor, etc. Design Studio Press,
Date of publication, distribution, etc. 2003.
300 ## - PHYSICAL DESCRIPTION
Extent 192 p. :
Other physical details ill. (some col.) ;
Dimensions 32 cm.
500 ## - GENERAL NOTE
General note Includes index of images.
650 #0 - SUBJECT ADDED ENTRY--TOPICAL TERM
Topical term or geographic name as entry element Computer art
Geographic subdivision California
-- Los Angeles
Chronological subdivision 21st century.
650 #0 - SUBJECT ADDED ENTRY--TOPICAL TERM
Topical term or geographic name as entry element Commercial art
Geographic subdivision California
-- Los Angeles
Chronological subdivision 21st century.
650 #0 - SUBJECT ADDED ENTRY--TOPICAL TERM
Topical term or geographic name as entry element Fantasy in art.
700 1# - ADDED ENTRY--PERSONAL NAME
Personal name Belker, H.
Fuller form of name (Harald)
856 42 - ELECTRONIC LOCATION AND ACCESS
Materials specified Contributor biographical information
Uniform Resource Identifier <a href="http://www.loc.gov/catdir/enhancements/fy0915/2002096016-b.html">http://www.loc.gov/catdir/enhancements/fy0915/2002096016-b.html</a>
942 ## - ADDED ENTRY ELEMENTS (KOHA)
Source of classification or shelving scheme
Koha item type Hard Covered Materials
Holdings
Withdrawn status Lost status Source of classification or shelving scheme Damaged status Not for loan Home library Current library Shelving location Date acquired Source of acquisition Total Checkouts Full call number Barcode Date last seen Price effective from Koha item type
          MACHAKOS UNIVERSITY LIBRARY MACHAKOS UNIVERSITY LIBRARY Technical section 28/01/2017 Donation(BFA)   N 7433.84 .U6C66 2003 32847 31/05/2018 28/01/2017 Hard Covered Materials
© Machakos University Library, Along The Highway, Machakos Wote Rd, Machakos, Kenya P.O. Box 136 - 90100 Machakos - Kenya

Tel: ( +254 ) 723 805829 OR Fax : 044-20353 OR Email: library@mksu.ac.ke